|
|
|
|
| LEADER |
01248nam a2200313 a 4500 |
| 001 |
000483814 |
| 003 |
CZ BrMZK |
| 005 |
20081029144528.0 |
| 007 |
ta |
| 008 |
000115s2000 xo e p slo d |
| 020 |
|
|
|a 80-225-1245-1
|
| 040 |
|
|
|a BOA001
|b cze
|
| 072 |
|
7 |
|a 658
|x Řízení a správa podniku
|2 Konspekt
|9 4
|
| 072 |
|
7 |
|a 37.016
|x Učební osnovy. Vyučovací předměty. Učebnice
|2 Konspekt
|9 22
|
| 080 |
|
|
|a 658.8:005.32
|2 MRF
|
| 080 |
|
|
|a (075.8)
|2 MRF
|
| 100 |
1 |
|
|a Mesárošová, Margita
|4 aut
|
| 245 |
1 |
0 |
|a Psychológia predaja /
|c Margita Mesárošová
|
| 250 |
|
|
|a 1. vyd.
|
| 260 |
|
|
|a Bratislava :
|b Ekonóm,
|c 2000
|
| 300 |
|
|
|a 131 s., [3] s. příloh :
|b il. ;
|c 29 cm
|
| 500 |
|
|
|a Určeno pro posl. Ekon. univ. v Bratislavě, fak. podnikovohospodářské v Košicích. - Bibliogr.
|
| 541 |
|
|
|a Bratislava, Centrum vedecko-technických informácií SR
|
| 650 |
0 |
7 |
|a psychologie prodeje
|7 ph119528
|2 czenas
|
| 655 |
|
7 |
|a učebnice vysokých škol
|7 fd133772
|2 czenas
|
| 710 |
2 |
|
|a Ekonomická univerzita v Bratislave.
|b Podnikovohospodárska fakulta Košice
|7 mzk2002157181
|
| 910 |
|
|
|a BOA001
|b 4-1074.279
|
| 990 |
|
|
|a BK
|
| 996 |
7 |
|
|b 2610117165
|c 4-1074.279
|l MZK
|r Sklad / do 1 hodiny
|n 12
|p vým
|w 000483814
|u 000010
|a 1
|e BOA001
|j MZK50
|s A
|